00971nam a22002297a 4500003000900000008004100009040007100050082002100121100002100142245006200163246005200225260004200277300002900319505011100348650003100459650004100490650002100531650003600552710004400588710005100632710005800683AR-CdUCM190320b ||||| |||| 00| 0 spa d aMUNICIPALIDAD PROVINCIAL DEL CUSCOcBIBLIOTECA MUNICIPAL DEL CUSCO a801.951 / bSA19 aSamanez Paz, Luz aPoesía del Qosqo i de América latina: bantología / aIX Festival Cultural Latinoamericano Qori Ocllo aCusco : bImprenta Pantigozo, c2003. a223 páginas ; c21 cm. aContenido: Qory Oqllo, la primera poetisa del imperio incaico -- poesía infantil -- América latina ... aLiteratura latinoamericana aPoesía - América latina - Perú aPoesía - Cusco aAntología de poetas del Cusco aAsociación Latinoamericana de Poetas  aAsociación Nacional de Escritores y Artistas aAsociación Peruana de Literatura Infantil y Juvenil